Katastrofy a světové pojišťovnictví v roce 2005
Rok 2005 z pohľadu dopadu katastrof, zvlášť z pohľadu svetového poisťovníctva. Definície katastrof - prírodná katastrofa, katastrofa vyvolané ľudským činiteľom a katastrofa. Podiel poistených škôd na škodách z katastrof. Poistené škody z katastrof v rokoch 1970-2005. Najväčšie poistené škody z kat...
Salvato in:
| Autore principale: | |
|---|---|
| Natura: | Capitolo di libro |
| Lingua: | ceco |
| Soggetti: | |
| Tags: |
Nessun Tag, puoi essere il primo ad aggiungerne!!
|
MARC
| LEADER | 00000naa$a2200000$$$4500 | ||
|---|---|---|---|
| 001 | 0046039 | ||
| 005 | 20230927102544.6 | ||
| 041 | 0 | |a cze | |
| 044 | |a CZ | ||
| 245 | 1 | 0 | |a Katastrofy a světové pojišťovnictví v roce 2005 |c Eva Ducháčková |
| 520 | |a Rok 2005 z pohľadu dopadu katastrof, zvlášť z pohľadu svetového poisťovníctva. Definície katastrof - prírodná katastrofa, katastrofa vyvolané ľudským činiteľom a katastrofa. Podiel poistených škôd na škodách z katastrof. Poistené škody z katastrof v rokoch 1970-2005. Najväčšie poistené škody z katastrof v roku 2005. Katastrofické udalosti - hurikány, povodne. | ||
| 610 | 2 | 0 | |a pohromy živelné |
| 610 | 2 | 0 | |a poisťovníctvo |
| 610 | 2 | 0 | |a svet |
| 610 | 2 | 0 | |a škody |
| 100 | 1 | |a Ducháčková, Eva | |